[Event "Guimaraes Honra"]
[Site "Guimaraes"]
[Date "2012.04.22"]
[Round "2"]
[White "Sousa, Hugo Carneiro"]
[Black "Silva, Luis Miguel Neves"]
[Result "0-1"]
[WhiteElo "1535"]
[BlackElo "2055"]
[PlyCount "56"]
[EventDate "2012.04.22"]
[EventType "tourn"]
[EventRounds "7"]
[EventCountry "POR"]
[SourceTitle "CBM 148 Extra"]
[Source "ChessBase"]
[SourceDate "2012.06.22"]
[SourceVersion "1"]
[SourceVersionDate "2012.06.22"]
[SourceQuality "1"]

1. e4 c5 2. Nc3 e6 3. f4 a6 4. g3 b5 5. d3 Qc7 6. Bg2 Bb7 7. Nge2 Nf6 8. 0-0 d6 9. f5 exf5 10. Rxf5 Nbd7 11. Qf1 Be7 12. Bg5 b4 13. Na4 h6 14. Bxf6 Bxf6 15. Rb1 Bc6 16. b3 0-0 17. Nb2 Rae8 18. Nc4 Ne5 19. Nxe5 Bxe5 20. Rd1 a5 21. d4 cxd4 22. Nxd4 Bd7 23. Rf2 Qb6 24. Ne2 Bb5 25. Kh1 Rc8 26. Rd2 Qe3 27. Qe1 Bc3 28. Nf4 Qxe1+ 0-1